| 000 | 003800000a22001570004500 | ||
|---|---|---|---|
| 001 | 002464 | ||
| 003 | MACL | ||
| 040 | _aMACL | ||
| 090 |
_c14457 _d14456 |
||
| 100 | _aBatabyal, Rakesh | ||
| 245 |
_aCommunalism in Bengal _bFrom Famine to Noakhali, 1943-47 _cRakesh Batabyal |
||
| 260 |
_aSage Publication, _c2005 |
||
| 350 | _a750 | ||
| 650 | _aSocial Science | ||
| 942 |
_k307 _cBook |
||
| 999 |
_c14376 _d14376 |
||